| 000 | 01012nam a22002417a 4500 | ||
|---|---|---|---|
| 005 | 20170809164853.0 | ||
| 010 | _a1617EN ENG-116962 | ||
| 020 |
_a9780198082873 _c595.00 |
||
| 035 | _aB-651527-534 | ||
| 035 | _aB-669809 | ||
| 035 | _aEN-100494 | ||
| 037 |
_bPragati _adpl |
||
| 037 | _bDBAD/PUB | ||
| 082 | _a005.43 | ||
| 100 | _aChauhan, Naresh | ||
| 245 |
_aPrinciples of operating systems / _cby Naresh Chauhan |
||
| 260 |
_c2015 (rp) _aNew Delhi _bOxford University Press |
||
| 270 |
_aYMCA Library Building, 1, Jai Singh Road, _bNew Delhi _e110001. |
||
| 300 |
_c24cm(pbk) _axviii,669p. _bill. |
||
| 942 |
_cEN _2ddc _h005.43 _mCHA |
||
| 999 |
_c101893 _d101893 |
||